00795nam a2200229 i 450000100060000000300090000600500170001500700030003200800410003510000180007624501270009426000350022130000680025649000300032465000250035465100560037970000190043570000290045470000310048383000300051485200210054481623ES-MaACL20250812031812.0t|041105s1968 sp ||||1| spa d1 aHubert, Jean.13aLa Europa de las invasiones / cJean Hubert, Jean Porcher, Wolfgang F. Volbach ; traducción de Luis Hernández Alfonso. a[Madrid] : bAguilar, c[1968] aXIV, 394 p., 45 lám. : bil. col. y n., mapas col. ; c28 cm.1 aEl universo de las formas 7aArte medieval2embne 4aRoma-xHistoria-yS. III-VI (Invasiones bárbaras)1 aPorcher, Jean.1 aVolbach, Wolfgang Fritz.1 aHernández Alfonso, Luis.1 aEl universo de las formas aES-MaACLjE-6962